SMART ovládanie vlastností LED a LD

Saved in:
Bibliographic Details
Main Author: Kovačik, Peter (Author)
Other Authors: Kováč, Jaroslav (Thesis advisor)
Format: Manuscript Book
Language:Slovak
Published: 2016
Subjects:
Online Access:http://is.stuba.sk/zp/portal_zp.pl?podrobnosti=130874
Tags: Add Tag
No Tags, Be the first to tag this record!

MARC

LEADER 00000ntm a22000003a 4500
001 stuzp50010
003 SK-STU
005 20160719153431.9
007 ta
008 150427s2015----xo-----f-mn---000-0-slo-d
040 |a STU  |b slo 
041 0 |a slo 
044 |a xo 
100 1 |a Kovačik, Peter  |u 033000  |4 aut  |U FEI Fakulta elektrotechniky a informatiky  |T FEI Ústav elektroniky a fotoniky  |X 53338  |U E030  |Y 549  |7 53338 
242 0 1 |a SMART controling LED a LD  |y eng 
245 1 0 |a SMART ovládanie vlastností LED a LD 
260 |c 2016 
300 |a 22 s., príl. 
650 4 |a SMART  |2 slo 
650 4 |a LED  |2 slo 
650 4 |a Laserové diódy  |2 slo 
650 4 |a SMART  |2 eng 
650 4 |a LED  |2 eng 
650 4 |a Laser diodes  |2 eng 
700 1 |a Kováč, Jaroslav  |u 033000  |k Z2  |4 ths  |U FEI Fakulta elektrotechniky a informatiky  |T FEI Ústav elektroniky a fotoniky  |X 42526  |U E030  |Y 549  |7 A000042526 
856 4 |u http://is.stuba.sk/zp/portal_zp.pl?podrobnosti=130874 
996 |b 284ER02012  |c E*Bc- 2012  |l EE33  |s P  |a 0  |w stuzp50010_0001 
SQL |a stuzp50010  |b DBP  |c SLO  |d SMART ovládanie vlastností LED a LD  |e 53338  |f Kovačik, Peter  |g 033000  |h 42526  |i Kováč, Jaroslav  |j 20160707  |k 75  |l 03  |m http://is.stuba.sk/zp/portal_zp.pl?podrobnosti=130874  |n B-ELN  |o 5.2.13. elektronika